Countries: After 'T' Quiz Stats

 Plays Quiz Updated Jun 11, 2019

Score 0/16 Timer 04:00
2 Plays Today
Letter After 'T' Name of Country % Correct
AAfghanistan
97.3%
HDem. Rep. of the Congo
92.3%
UPortugal
89.1%
IAntigua and Barbuda
85.5%
ECôte d'Ivoire
84.2%
OEquatorial Guinea
83.6%
RAustralia
82.9%
VLatvia
65.4%
Letter After 'T' Name of Country % Correct
SBotswana
60.5%
-Egypt
52.1%
TSt. Kitts and Nevis
50.5%
KSt. Kitts and Nevis
48.6%
ZSwitzerland
41.3%
NVietnam
34.5%
LSt. Lucia
33.1%
YVatican City
26.8%

You're not logged in!

Compare scores with friends on all Sporcle quizzes.
OR
Log In

Show Comments

Extras

Top Quizzes Today


Score Distribution

Your Account Isn't Verified!

In order to create a playlist on Sporcle, you need to verify the email address you used during registration. Go to your Sporcle Settings to finish the process.

Report this User

Report this user for behavior that violates our Community Guidelines.

Details: